000 00398nam a22001337a 4500
020 _a90-247-3179-8
082 _a620.1126 DYN'W
100 _aKNAUSS, W. G ,WILLIAMS, M. L
_977237
245 _aDYNAMICS FRACTURE
260 _aBOSTON
_bMARTINUS
_c1985
300 _a312P
650 _aFRACTURE MECHANICS ADDRESSES ESSAYS LECTURES STRUCTURAL DYNAMICS ADDRESSES ESSAYS, LECTURE
_977238
942 _cBK
999 _c582541
_d582541